000 00482nab a2200145Ia 4500
003 ES-SlBCS
005 20210601134619.0
008 140529s2000 xxu||||| |||| 00| 0 spa d
041 _aspa
100 1 _aUrdanibia U., Miguel M.
_9220440
245 0 0 _aPautas de conducta que caracterizan el afecto-amor entre la pareja de padres (Parte II)
_c Miguel M. Urdanibia U.
650 0 4 _aAfecto-Amor
_9220449
773 0 _tAnthropos
_gvol. 21/2, nº. 41, 2000, págs. 39
_wRev38
942 _cAR
999 _c615309
_d615309